000
00265 a2200121 4500
245
_a
Statistics for Managers
_h
Text
020
_a
9780273779797
100
_a
David M Levine
100
_a
David F Stephan
650
_a
Statistics
005
20191017173654.0
260
_c
2013
084
_a
NONE
999
_c
10577
_d
10577